000 00592nam a2200241 a 4500
001 0001-1217
003 ELIB.Books
008 150529 2010 eng
020 _aKBTS
035 _a(ELIB.Books)0001-1372
092 _aJ
_bSia
100 _aSiang, Kung, Henry.
245 _aBuddha as a Liberatarian Educator
260 _aMIT
_bJudson Research Center
_c2006
300 _c25 Cm
440 _aVol 6.
500 _aJournal
650 _aBuddhism
856 _nKBTS: Library
_uKBTS: Elib
942 _2ddc
_cBK
998 _cbat
_e2015-05-29
999 _c11217
_d11217